แสดงรายละเอียดบรรณานุกรม
  กลับหน้าหลัก

Brief Record : Get Marc (ISO 2709) : E-mail record : QR code ปิดหน้าต่าง
E-books : เกี่ยวกับ Collections
LEADER 00000nam 2200000uu 4500
008    150421s2557||||th 000 0 tha d
041 0   ^atha^beng
060  4  ^aวพ WA780 ส739ก 2557
100 0   ^aสุกัญญา กองแก้ว
245 00  ^aรายงานวิทยานิพนธ์เรื่อง การพัฒนาระบบการจัดการมูลฝอยของพื้นที่ท่องเที่ยวเชิงเศรษฐกิจชุมชน เทศบาลตำบลห้วยทับทัน อำเภอห้วยทับทัน จังหวัดศรีสะเกษ/^bสุกัญญา กองแก้ว.
246 0   ^aThe Development of Solid Waste Management System of The Areas Economic Community Huaithapthan Municipality,Huaithapthan District, Srisaket Province
260     ^aมหาสารคาม : ^bมหาวิทยาลัยมหาสารคาม,^c2557.
300     ^a[ก]-ช, 134 หน้า;^bภาพประกอบ.
500     ^aวิทยานิพนธ์ (สม.) - - สาขาวิชาสาธารรสุขศาสตร์ มหาวิทยาลัยมหาสารคาม,2557.
650  4  ^aการกำจัดขยะ ^zไทย ^zศรีสะเกษ
650  4  ^aการกำจัดขยะ
650  4  ^aอนามัยสิ่งแวดล้อม
650  4  ^aวิทยานิพนธ์
710 2   ^aมหาวิทยาลัยมหาสารคาม. สาขาวิชาสาธารณสุขศาสตร์.
999    ^aใช้งานได้ทุกระบบ
รายการนี้ยังไม่มีแท็ก
คุณยังไม่ได้ล็อกอิน คุณสามารถมีกิจกรรมร่วมกับเว็บไซต์ได้ แต่ต้องล็อกอินก่อน ::
  ล็อกอิน
ลำดับที่ ประเภท เลขเรียก สถานที่ สถานะ
1. หนังสือทั่วไป
หนังสือทั่วไป
วพ WA780 ส739ก 2557  
  
ชั้นหนังสือวิทยานิพนธ์ On Shelf
  ขอยืม
   [แสดง 1/1 รายการ]

รายการใกล้เคียง
    หัวเรื่อง [อนามัยสิ่งแวดล้อม]
    หัวเรื่อง [วิทยานิพนธ์]

BibComment


ยังไม่เคยถูกคอมเมนท์

คอมเมนท์ทรัพยากรรายการนี้
  คอมเมนท์: รายงานวิทยานิพน..
Bib 210437

 
 
 

 Union Library Management : ULibM
Copyright 2026. All Rights Reserved.
скачать бесплатно без регистрации порно красивый секс HD Sex Hindi sex

xxx gou

xxxx

bfxxx

xxxwww

Секса Видео

xxxx

Секса Видео

detube

geilexxx

C99 Shell

worms shell

blod xxx video
Ebony Coed Rihanna Rimes Takes A Dick In Her Young Twat priyaa indian fuck anal and pusssy hardcore indian women xxx desi hardcore fucking part 1 bengalixxxcouple